000 01528nam a2200253Ia 4500
001 248-NOU he vi (1694)
003 IT-MiSPE
005 20240628110255.0
008 171229s9999||||xx |||||||||||||| ||und||
040 _aIT-MiSPE
_cIT-MiSPE
041 _aITALIANO
100 _aHenri J. M. Nouwen
_934442
240 _aReaching out: The three Movements of the spiritual Life
245 0 _aViaggio spirituale per l'uomo contemporaneo
_bI tre movimenti della vita spirituale
250 _a16a ed. (v)
260 _aBrescia
_bQueriniana
_c2018 (2023 stampa anastatica)
300 _a154 p.
_c19 cm
490 _aSpiritualità
_v18
501 _aEdizioni San Paolo srl - Piazza Soncino, 5 - 20092 CINISELLO BALSAMO (MI) (non commercial uses only) ® Copyright 2018
520 _aQuesto libro risponde alla domanda: “Che cosa significa vivere la vita nello Spirito di Gesù Cristo?”. È un libro personale, un libro generato da lotte che furono e rimangono in primo luogo mie. Nel corso degli anni, tuttavia, mi è apparso sempre più chiaro che approfondendo queste lotte, rintracciandone le radici, arrivavo a un livello in cui potevo condividerle. Il libro non offre risposte o soluzioni, ma è scritto con il convincimento che la ricerca di un’autentica spiritualità cristiana è degna di sforzo e di pena, perché nel mezzo di questa ricerca si possono scorgere dei segnali che offrono speranza, coraggio e fiducia
700 _aAda Tavianini Palieri
_g(traduzione)
_960847
942 _cBK
_2ddc
999 _c343320
_d343320
999 _bNO